Normal view
MARC view
- Judd, Simon.
Entry Personal Name
001 - CONTROL NUMBER
- control field: 1017
003 - CONTROL NUMBER IDENTIFIER
- control field: NUST
005 - DATE AND TIME OF LATEST TRANSACTION
- control field: 20170518104545.0
008 - FIXED-LENGTH DATA ELEMENTS
- fixed length control field: 170518|| aca||aabn | a|a d
040 ## - CATALOGING SOURCE
- Original cataloging agency: NUST
- Transcribing agency: NUST
100 ## - HEADING--PERSONAL NAME
- Personal name: Judd, Simon.
670 ## - SOURCE DATA FOUND
- Source citation: Work cat.: (NUST)0: Membranes for industrial wastewater recovery and re-use /, c2003.
